| 000 | 00494nam a22001697a 4500 | ||
|---|---|---|---|
| 999 |
_c509366 _d509366 |
||
| 008 | 190506b ||||| |||| 00| 0 eng d | ||
| 100 |
_aSharma, Vasudha _95070 |
||
| 245 | _aDam induced displacement and resettlement of oustees: a rhetoric (a case of Ranjit Sagar Dam, Punjab) | ||
| 260 | _c2018 | ||
| 300 | _ap.1-22. | ||
| 650 |
_aDisplacement _95071 |
||
| 650 |
_aResettlement _95072 |
||
| 700 |
_aKaur, Ravinder _95073 |
||
| 773 | _aMan and Development | ||
| 906 | _aDams | ||
| 942 | _cAR | ||